NASA Missions to the Outer Solar System - Statistics

General Stats
  • This quiz has been taken 91 times
  • The average score is 5 of 8
Answer Stats
Launch Date Destination(s) Mission % Correct
Sep 1977 Jupiter, Saturn Voyager 1
90%
Aug 1977 Jupiter, Saturn, Uranus, Neptune Voyager 2
90%
Jan 2006 Pluto and its moons New Horizons
71%
Aug 2011 Jupiter Juno
67%
Oct 1997 Saturn and its moons Cassini-Huygens
66%
Mar 1972 Asteroid Belt, Jupiter Pioneer 10
55%
Dec 1974 Asteroid Belt, Jupiter, Saturn Pioneer 11
55%
Oct 1989 Jupiter and its moons Galileo
53%
No matching quizzes found
Score Distribution
Percent of People with Each Score
Percentile by Number Answered
Your Score History
You have not taken this quiz